00229nam a2200085Ia 450000100070000000500170000700800410002424500560006526000220012164165420250826153511.0250824s9999 xx 000 0 und d 0aROBIN HOOD GENÇLİK KLASİKLERİcHOWARD PYLE bTİMAŞ ÇOCUK